000 00272nam a2200109 4500
008 160623b xxu||||| |||| 00| 0 eng d
100 _9778
_a Speare, E.G
245 _aThe Bronze Bow
260 _aBoston
_b Houghton Miffin
_c1961
300 _aThe Bronze Bow
942 _2ddc
_cBK
999 _c622
_d622